| 000 | 00706nam a22002297a 4500 | ||
|---|---|---|---|
| 999 |
_c9066 _d9066 |
||
| 003 | AR-CdUCM | ||
| 008 | 190327b ||||| |||| 00| 0 spa d | ||
| 040 |
_aMUNICIPALIDAD PROVINCIAL DEL CUSCO _cBIBLIOTECA MUNICIPAL DEL CUSCO |
||
| 082 |
_a220 / _bZ85 |
||
| 100 |
_aZolli, Eugenio _925047 |
||
| 245 | _aGuía del Antiguo y Nuevo Testamento / | ||
| 260 |
_aMéxico : _bHispano Americana ; _c1961. |
||
| 300 |
_a241 páginas ; _c17cm |
||
| 440 |
_aManuales Uteha _n74 _925048 |
||
| 500 | _aSección 16 Religión | ||
| 650 |
_aReligión _91195 |
||
| 650 |
_aBiblia _94856 |
||
| 650 |
_aTestamentos _925049 |
||
| 700 |
_aHerrera, Tarsicio (traducción) _925050 |
||
| 942 |
_2ddc _cLIBROS |
||
| 945 | _anom | ||